000 01061nam a2200313 4500
003 OSt
005 20260530115313.0
008 260505b1975 xxua|||| |||| 00| 0 eng d
040 _aICI
_bspa
_cICI
041 _aeng
050 _aTT187
_bE37 1975
100 _aNunn, V. Richard,
_eautor
_933094
245 1 0 _aEasy home carpentry
_cRichard V. Nunn ; editor Karen Phillips
264 1 _aEstados Unidos :
_bOxmoor House,
_c1975
300 _a96 páginas :
_bilustraciones
336 _atexto
_2rdacontent
337 _asin medio
_2rdamedia
338 _avolumen
_2rdacarrier
500 _aGuía práctica de carpintería para el hogar
500 _aTexto en cubiertas "Tool techniques material selection fastening / joining framing and finishing tips"
650 4 _aCarpintería
650 4 _aCarpintería
_vObras para aficionados
_933096
650 4 _aBricolaje
650 4 _aConstrucción en madera
650 4 _aMejoras del hogar
_933099
655 _2local
_aGuías prácticas
700 1 _aPhillips, Karen
_eeditor
_933101
942 _2lcc
_cBK
_n1
999 _c13444
_d13444